100 Authors by Their Characters Quiz Stats

 Plays Quiz Updated Oct 30, 2018

Challenge
Share
Tweet
Embed
Score 0/100 Timer 20:00
0 Plays Today
Characters Author's Name % Correct
Bilbo Baggins,
Gandalf,
Gollum, Smaug
J.R.R. Tolkien
93.5%
Harry Potter,
Albus Dumbledore,
Hagrid
J.K. Rowling
92.3%
Ebenezer Scrooge,
Jacob Marley,
Bob Cratchit, Tiny Tim
Charles Dickens
88.1%
Jane Eyre, Helen Burns,
Edward Fairfax Rochester,
Bertha Antoinetta Mason
Charlotte Brontë
80.3%
Peter, Susan,
Edmund, Lucy,
Mr. Tumnus, White Witch
C.S. Lewis
79.2%
Sherlock Holmes,
Dr. Watson,
Inspector Lestrade
Sir Arthur Conan Doyle
77.3%
Winnie-the-Pooh, Piglet, Tigger, EeyoreA.A. Milne
74.4%
Alice, The White Rabbit,
The Cheshire Cat,
The Mad Hatter
Lewis Carroll
73.2%
Hercule Poirot,
Miss Marple,
Tommy and Tuppence
Agatha Christie
73%
Anna Karenina,
Count Vronsky,
Konstantin Levin
Leo Tolstoy
72.8%
Elizabeth Bennet,
Fitzwilliam Darcy,
Lady Catherine de Bourgh
Jane Austen
71.9%
Charlie Bucket,
Veruca Salt,
Augustus Gloop
Roald Dahl
71.8%
Atticus Finch, Scout, Jem, Boo RadleyHarper Lee
70.1%
Holden Caulfield,
Phoebe
J.D. Salinger
69.8%
Captain Ahab,
Ishmael, Queequeg
Herman Melville
65.1%
Jo, Meg, Beth,
Amy, Marmee
Louisa May Alcott
64.5%
Peter Rabbit,
Jemima Puddle-Duck,
Mrs. Tiggy-Winkle
Beatrix Potter
61.9%
Napoleon, Snowball,
Boxer, Clover
George Orwell
58.8%
Mowgli, Shere Khan, BagheeraRudyard Kipling
58.6%
Charlotte, Wilbur, TempletonE.B. White
55.6%
Scarlett O'Hara,
Rhett Butler,
Ashley Wilkes
Margaret Mitchell
55.1%
Jean Valjean, Javert,
Fantine, Cosette
Victor Hugo
54.3%
Jim Hawkins,
Squire Trelawney,
Long John Silver
Robert Louis Stevenson
54.2%
Robert Langdon, Silas, Leigh TeabingDan Brown
50.1%
Tess Durbeyfield,
Angel Clare,
Alec Stoke-d'Urberville
Thomas Hardy
48.1%
Ralph, Piggy,
Jack Merridew
William Golding
48.1%
Hester Prynne, Pearl,
Arthur Dimmesdale,
Roger Chillingworth
Nathaniel Hawthorne
44.9%
Tom Joad, Ma Joad,
Rose of Sharon Rivers
John Steinbeck
44.1%
Clarissa Dalloway, Septimus Warren SmithVirginia Woolf
39%
Laura, Mary,
Ma & Pa, Mr. French
Laura Ingalls Wilder
34.2%
Lemuel Gulliver,
Glumdalclitch
Jonathan Swift
33.3%
Hannibal Lecter,
Clarice Starling
Thomas Harris
32.7%
John Yossarian,
Major Major,
Milo Minderbinder
Joseph Heller
32.1%
Maxim de Winter,
Mrs. Danvers,
Rebecca, the girl
Daphne du Maurier
31.5%
Characters Author's Name % Correct
Emma Bovary,
Monsieur Homais,
Leon Dupuis
Gustave Flaubert
31.3%
Danny Torrance,
Jack Torrance,
Dick Hallorann
Stephen King
29.3%
Billy Pilgrim,
Kilgore Trout,
Montana Wildhack
Kurt Vonnegut
27.2%
Bertie Wooster, Jeeves,
Gussie Fink-Nottle
P.G. Wodehouse
26.4%
Mole, Ratty, Mr. Toad,
Mr. Badger
Kenneth Grahame
26.4%
Lisbeth Salander,
Mikael Blomkvist
Stieg Larsson
26%
T.S. Garp, Jenny Fields, Ellen JamesJohn Irving
24.4%
Anne Shirley, Matthew and Marilla CuthbertLucy Maud Montgomery
24%
Andrew 'Ender' Wiggins,
Peter, Valentine,
Mazer Rackham
Orson Scott Card
20.2%
Tyler Durden,
Marla Singer,
Robert 'Bob' Paulson
Chuck Palahniuk
20%
Hazel, Fiver, Bigwig,
El-ahrairah
Richard Adams
19.7%
Jing-Mei Woo, Lindo Jong, Waverly JongAmy Tan
18.5%
Rincewind,
Granny Weatherwax,
Sam Vimes, Death
Terry Pratchett
17.4%
Sara Crewe,
Mary Lennox
Frances Hodgson Burnett
17.2%
Celie, Sofia, Shug AveryAlice Walker
16.3%
Briony Tallis,
Cecilia Tallis,
Robbie Turner
Ian McEwan
15.3%
Paddington Bear,
Aunt Lucy, Mr. Gruber
Michael Bond
14.4%
Meg Murry,
Charles Wallace Murry,
Mrs. Whatsit
Madeleine L'Engle
13.2%
Susie Salmon,
George Harvey
Ruth Connors, Holly
Alice Sebold
12.8%
Precious Ramotswe,
Grace Makutsi,
J.L.B. Matekoni
Alexander McCall Smith
12.8%
Paul Atreides,
Reverend Mother Gaius Helen Mohiam,
Duncan Idaho
Frank Herbert
12.7%
Jean Brodie,
Sandy Stranger,
Rose Stanley,
Mary Macgregor
Muriel Spark
12.4%
Offred, The Commander, Serena JoyMargaret Atwood
12.3%
Jake Barnes,
Brett Ashley
Robert Cohn
Ernest Hemingway
12.2%
Stephanie Plum,
Grandma Mazur,
Joseph Morelli, Ranger
Janet Evanovich
11.7%
Lord Peter Wimsey, Harriet Vane, BunterDorothy Sayers
10.8%
Rick Deckard,
Rachael Rosen
Philip K. Dick
10.6%
Piscine Molitor Patel,
Richard Parker,
Satish Kumar,
Father Martin
Yann Martel
10.3%
Horace Rumpole,
Hilda 'She Who Must Be Obeyed' Rumpole
John Mortimer
9.9%
Horatio Hornblower,
William Bush,
Lady Barbara Wellesley
C.S. Forester
9.8%
pilot, Prince, snake
the Lamplighter,
the Tippler, fox
Antoine de Saint-Exupery
9.5%
Dream, Death, Destiny, Despair, Delirium, Desire, DestructionNeil Gaiman
8.6%
Richard Sharpe,
Obadiah Hakeswill,
Patrick Harper
Bernard Cornwell
8.1%
Dorothea Brooke,
Tertius Lydgate,
Rev. Edward Casaubon,
Rosamond Vincy
George Eliot
8.1%
Characters Author's Name % Correct
Griet, Johannes Vermeer, van Ruijven, PieterTracy Chevalier
7.5%
Ignatius J. Reilly,
Myrna Minkoff,
Irene Reilly
John Kennedy Toole
7%
Clara del Valle Trueba,
Esteban Trueba,
Blanca Trueba
Isabel Allende
7%
Sophie Zawistowska,
Nathan Landau, Stingo
William Styron
6.9%
Meggie Cleary,
Fr. Ralph de Bricassart,
Luke O'Neill
Colleen McCullough
6.9%
Ayla, Durc, Brun,
Broud, Iza
Jean Auel
6.9%
Janie Crawford, Tea Cake, Logan KillicksZora Neale Hurston
6.7%
Spenser, Jesse Stone, Sunny RandallRobert B. Parker
6.6%
Nero Wolfe,
Archie Goodwin,
Fritz Brenner
Rex Stout
6.1%
John Blackthorne, Toranaga, MarikoJames Clavell
5.9%
Augustus McCrae,
Woodrow Call,
Newt Dobbs
Larry McMurtry
5.7%
Valentine Michael Smith,
Juan 'Johnnie' Rico
Podkayne 'Poddy' Fries
Robert A. Heinlein
5.6%
Claire & Jamie Fraser,
Jonathan Randall,
Dougal MacKenzie
Diana Gabaldon
5.3%
Orleanna Price, Rachel, Leah, Adah, Ruth-MayBarbara Kingsolver
5.2%
Cecilia, Lux, Bonnie, Mary, ThereseJeffrey Eugenides
5.1%
Pecola Breedlove, Soaphead Church, Claudia MacTeerToni Morrison
4.7%
Dinah, Leah, Rachel, Zilpah, BilhahAnita Diamant
4.5%
Tevye, Tzeitel, Hodel, ChavaSholem Aleichem
4.4%
Eve Dallas, Roarke,
Summerset,
Captain Ryan Feeney
J.D. Robb
3.7%
Ross Poldark,
George Warleggan,
Elizabeth Chynoweth
Winston Graham
3.6%
Almasy, Hana,
Katharine Clifton,
Kip, Caravaggio
Michael Ondaatje
3.2%
Jean Paget, Joe Harman, Noel StrachanNevil Shute
2.2%
Miles Vorkosigan,
Elli Quinn, Taura,
Cordelia Naismith
Lois McMaster Bujold
2.2%
Rob Fleming, Laura,
Dick, Barry
Nick Hornby
2.1%
Horatia Winwood,
Hero Wantage,
Sophia Stanton-Lacy
Georgette Heyer
2%
Morag Gunn, Pique, Jules TonnerreMargaret Laurence
1.7%
Mrs. Jane Tabby, Thelma, Roger, James, HarrietUrsula K. Le Guin
1.6%
Molly Michon,
Theophilus Crowe,
Steve (a sea beast)
Christopher Moore
1.5%
Sugar, William Rackham, Emmeline FoxMichel Faber
1.4%
Sister Clodagh,
Sister Ruth, Mr. Dean,
Dame Phillipa,
Dame Agnes
Rumer Godden
1.4%
Juliet Ashton/Izzy Bickerstaff
Dawsey Adams,
Amelia Maugery,
Elizabeth McKenna
Mary Anne Shaffer & Annie Barrows
1.2%
Paul Redeker,
Breckinridge 'Breck' Scott, Captain Chen
Max Brooks
1.1%

You're not logged in!

Compare scores with friends on all Sporcle quizzes.
OR
Log In

You Might Also Like...

Show Comments

Extras

Top Quizzes Today


Score Distribution

Your Account Isn't Verified!

In order to create a playlist on Sporcle, you need to verify the email address you used during registration. Go to your Sporcle Settings to finish the process.

Report this User

Report this user for behavior that violates our Community Guidelines.

Details: